Southville International School and Colleges
Your cart is empty.
  • Cart
  • Lists
    Public lists Eva Luna New books Lux_list list_1
    Your lists Log in to create your own lists
  • Log in to your account
  • Your cookies
  • Search history
Southville International School and Colleges
  • Advanced search
  • Recent comments
  • Most popular
  • Libraries

Log in to your account

Log in with GOOGLE


If you do not have an external account, but do have a local account, you can still log in:

  1. Home
  2. MARC view: The young man and the sea /
Normal view MARC view ISBD view

The young man and the sea / (Record no. 11317)

[ view plain ]
MARC details
000 -LEADER
fixed length control field 01052cam a2200301 a 4500
001 - CONTROL NUMBER
control field 13159149
003 - CONTROL NUMBER IDENTIFIER
control field OSt
005 - DATE AND TIME OF LATEST TRANSACTION
control field 20140310182249.0
008 - FIXED-LENGTH DATA ELEMENTS--GENERAL INFORMATION
fixed length control field 030411s2004 nyu c 000 1 eng
010 ## - LIBRARY OF CONGRESS CONTROL NUMBER
LC control number 2003050233
020 ## - INTERNATIONAL STANDARD BOOK NUMBER
International Standard Book Number 0439802873
040 ## - CATALOGING SOURCE
Original cataloging agency DLC
Transcribing agency DLC
Modifying agency DLC
042 ## - AUTHENTICATION CODE
Authentication code lcac
050 00 - LIBRARY OF CONGRESS CALL NUMBER
Classification number PZ 7
Item number .P52112 2005
082 00 - DEWEY DECIMAL CLASSIFICATION NUMBER
Classification number FIC
Item number P53y 2004
100 1# - MAIN ENTRY--PERSONAL NAME
Personal name Philbrick, W. R.
Fuller form of name (W. Rodman)
9 (RLIN) 19774
245 14 - TITLE STATEMENT
Title The young man and the sea /
Statement of responsibility, etc Rodman Philbrick.
260 ## - PUBLICATION, DISTRIBUTION, ETC. (IMPRINT)
Place of publication, distribution, etc New York :
Name of publisher, distributor, etc Blue Sky Press,
Date of publication, distribution, etc c2005.
300 ## - PHYSICAL DESCRIPTION
Extent 192 p. :
Dimensions 19 cm.
650 #1 - SUBJECT ADDED ENTRY--TOPICAL TERM
Topical term or geographic name as entry element Fathers and sons
Form subdivision Fiction.
9 (RLIN) 19775
650 #1 - SUBJECT ADDED ENTRY--TOPICAL TERM
Topical term or geographic name as entry element Grief
Form subdivision Fiction.
9 (RLIN) 19776
650 #1 - SUBJECT ADDED ENTRY--TOPICAL TERM
Topical term or geographic name as entry element Fishing
Form subdivision Fiction.
9 (RLIN) 19777
856 42 - ELECTRONIC LOCATION AND ACCESS
Materials specified Publisher description
Uniform Resource Identifier <a href="http://www.loc.gov/catdir/description/schol051/2003050233.html">http://www.loc.gov/catdir/description/schol051/2003050233.html</a>
906 ## - LOCAL DATA ELEMENT F, LDF (RLIN)
a 7
b cbc
c orignew
d 1
e ocip
f 20
g y-gencatlg
942 ## - ADDED ENTRY ELEMENTS (KOHA)
Source of classification or shelving scheme Library of Congress Classification
Koha item type
Holdings
Withdrawn status Lost status Source of classification or shelving scheme Damaged status Home library Current library Shelving location Date acquired Total Checkouts Full call number Barcode Date last seen Copy number Price effective from Koha item type
    Library of Congress Classification   Luxembourg Library Luxembourg Library Fiction Section 09/14/2013   PZ 7 .P52112 2005 16651 09/14/2013 1 09/14/2013 Books

The young man and the sea /

APA

Philbrick W. R., . (2005). The young man and the sea. New York: Blue Sky Press.

Chicago

Philbrick W R, . 2005. The young man and the sea. New York: Blue Sky Press.

Harvard

Philbrick W. R., . (2005). The young man and the sea. New York: Blue Sky Press.

MLA

Philbrick W R, . The young man and the sea. New York: Blue Sky Press. 2005.

  • Place hold
  • Print
  • Cite
  • Add to your cart (remove)
  • Save record
    BIBTEX Dublin Core MARCXML MARC (non-Unicode/MARC-8) MARC (Unicode/UTF-8) MARC (Unicode/UTF-8, Standard) MODS (XML) RIS
  • More searches
    Search for this title in:
    Other Libraries (WorldCat) Other Databases (Google Scholar) Online Stores (Bookfinder.com) Open Library (openlibrary.org)

Exporting to Dublin Core...

SOUTHVILLE LIBRARY

Southville International School and Colleges Library

1281 Tropical Ave. Cor. Luxembourg St., BF Homes International, Las Pinas City

Tel. No. 8256374 / 252358 Loc. 117/146

Powered by Koha